| 000 | 00631nam a2200217 a 4500 | ||
|---|---|---|---|
| 001 | BRCA_781 | ||
| 005 | 20190320203140.0 | ||
| 008 | 251005s1993----mx-a---###---#000-0#eng-d | ||
| 020 | _a9686258388 | ||
| 041 | _aeng | ||
| 044 | _amx | ||
| 050 | 4 |
_aGV1204.16 _b.M49 1993 |
|
| 245 | 1 | 0 |
_aMexican Games and Toys _cLuis González y González ... [et al.]. |
| 260 |
_aMéxico _bDina _c1993 |
||
| 300 |
_a158 p. _bil. a color _c34 cm. |
||
| 504 | _aBibliografía: p. 155-158 | ||
| 650 | 1 | 4 |
_aJuegos _xHistoria _zMéxico _92600 |
| 650 | 1 | 4 |
_aJuguetes _xHistoria _zMéxico _92601 |
| 700 | 1 |
_aGonzález y González, Luis _92602 |
|
| 942 |
_2lcc _cB |
||
| 999 |
_c678 _d678 |
||